00926nam a2200253 i 4500001001000000003000900010005001700019007000300036008004100039040003000080082002500110100003300135245008600168260004300254264004600297300005800343336002700401337003300428338002800461504004000489650005500529650004900584700003900633000008365DO-SdBNP20250623111908.0ta090916s199u dr ad 000 0 spa d aDO-SdBNPbspacBNPHUerda 4a380.17293bL333m222 aLarrauri, Ryan,eautor4aut.10aMercadeo :bgénesis y evolución /cRyan Larraury ; prólogo, Delio Pichardo. aSanto Domingo.fAmigo del Hogarc199u. 1aSanto Domingo :bAmigo del Hogar,c199-?. a201 páginas :bilustraciones, diágramas ;c22 cm. atextobtxt2rdacontent asin mediaciónbn2rdamedia avolumenbnc2rdacarrier aBibliografía : páginas 197-201. 4aAdministración de mercadeozRepublica Dominicana 4aAnálisis de mercadeozRepublica Dominicana1 aPichardo, Delio,eprologuista4pr.